000 00727nas a2200217 4500
001 BR9605769
003 BR-BrBNA
005 20231205095355.0
007 ta
008 230509b bl.|||p| |||| 00| 00por d
040 _aBR-BrBNA
_bpor
_cBiblioteca Nacional de Agricultura
041 _a(Pt)
072 _aF06; U10
100 1 _aAraujo, J.C. de
245 1 _aLei logaritmica para distribuicao unidimensional de velocidade em canais abertos
650 _aCanal de Escoamento
650 _aModelo Matematico
773 0 _tRevista Brasileira de Engenharia. Cadernos de Recursos Hidricos (Brazil)
_xISSN 0102-2652
_g(Jun 1995), v. 13(1) p. 5-24
_wBR9605769
909 _a202311
_bLúcia
_c55
_dLúcia Elande
942 _2AGRIS
_n0
_cANA
999 _c150305
_d150305